000 00653nam a2200169Ia 4500
008 090711s9999 xx 000 0 und d
082 _b60912
100 _aदेशपांडे ज. शा.
245 _aजगाSो ओझरते दर्शन काळ आज व उद्या
260 _c1984
300 _a179
600 _aदेशपांडे ज. शा.
630 _aजगाSो ओझरते दर्शन काळ आज व उद्या
700 _aदेशपांडे ज. शा.
730 _aजगाSो ओझरते दर्शन काळ आज व उद्या
942 _cBOOK
999 _c331853
_d331853